| 000 | 00606nam a2200181Ia 4500 | ||
|---|---|---|---|
| 008 | 151018s9999 xx 000 0 und d | ||
| 082 |
_bRBASDV44397 _a920 |
||
| 100 | _aसॅवरपाल सिंह | ||
| 245 | _aराही मासूम रजा | ||
| 250 | _b1 | ||
| 260 |
_bसाहित्य अकादेमी मुंबई _c2005 |
||
| 300 | _a97 | ||
| 600 | _aसॅवरपाल सिंह | ||
| 630 | _aराही मासूम रजा | ||
| 700 | _aसॅवरपाल सिंह | ||
| 730 | _aराही मासूम रजा | ||
| 942 | _cBOOK | ||
| 999 |
_c1043594 _d1043591 |
||